[Event "Monaco m"]
[Site "Monte Carlo"]
[Date "1994.??.??"]
[Round "6"]
[White "Ljubojevic, Ljubomir"]
[Black "Piket, Jeroen"]
[Result "0-1"]
[WhiteElo "2600"]
[BlackElo "2605"]
[Annotator "Stohl,I"]
[PlyCount "92"]
[EventDate "1994.04.??"]
[EventType "match"]
[EventRounds "8"]
[EventCountry "MNC"]
[SourceTitle "CBM 042"]
[Source "ChessBase"]
[SourceDate "1994.10.01"]
[SourceVersion "1"]
[SourceVersionDate "1994.10.01"]
[SourceQuality "1"]

1. d4 Nf6 2. c4 c6 3. Bf4 d6 $5 (3... d5 4. e3 Bf5 {-D10}) 4. Nc3 g6 (4... Nbd7
5. Nf3 g6 6. h3 Bg7 7. e3 O-O 8. Be2 a6 (8... Qe8 $142 9. O-O e5 10. Bh2 Qe7
$132) 9. a4 a5 10. O-O b6 11. Qc2 Ne8 $6 12. Rad1 Nc7 13. e4 Qe8 14. Rfe1 e5
15. Be3 exd4 16. Bxd4 Bh6 17. Bf1 Nc5 18. Bf6 Qe6 19. e5 d5 20. Nd4 $36 {
Gulko,B-Tukmakov,V/Biel/1988/}) 5. Qd2 Nbd7 6. Bh6 $6 (6. Nf3 Bg7 7. e3 O-O 8.
Be2 Qa5 $5 $10) 6... Bxh6 7. Qxh6 b5 $1 8. Nf3 (8. cxb5 cxb5 9. Nxb5 $2 Qb6 $19
) (8. e3 b4 9. Nb1 $5 c5 $10) 8... Bb7 $1 (8... bxc4 $6 9. e4 Ba6 10. e5 $36)
9. e3 b4 10. Na4 $6 {פa4} (10. Nb1 c5 11. Nbd2 e5 $10) 10... c5 11. b3 e5 $1
12. d5 Qe7 13. Nd2 Ng4 $1 14. Qh3 f5 $15 {(),ץf1} 15. Be2 Ngf6 16. a3 a5 17.
f3 Kd8 18. O-O (18. Nb2 Kc7 19. Qh4 Rag8 $36) 18... Kc7 19. Qg3 (19. Nb2 $142)
19... Qg7 20. Ra2 h5 (20... g5 $2 21. f4 $1 $36) 21. h4 Rhe8 22. Kf2 $6 (22.
Nb2 Nf8 $15) 22... Re7 23. Ke1 Rae8 24. Rf2 Nh7 $1 (24... Qh6 25. Qg5 Qxg5 26.
hxg5 Nh7 27. f4 $10) 25. Kd1 Qh6 26. e4 (26. Nf1 f4 27. exf4 exf4 28. Qh2 Ne5 {
/\Bc8-f5->}) 26... Qe3 $1 $36 27. Rf1 (27. exf5 gxf5 $17 {/\f4-+}) 27... fxe4
28. Qxg6 (28. Nxe4 $4 Qxb3+) 28... Nhf6 $1 (28... exf3 29. Rxf3 Qg1+ 30. Rf1
Qe3 31. Rf3 $10) 29. fxe4 Rg8 30. Qf5 Rxg2 31. Qf3 $8 (31. Bf3 Rxd2+ 32. Rxd2
Qxb3+ $19) 31... Qxf3 32. Bxf3 Rh2 33. Rh1 Rxh1+ 34. Bxh1 Rg7 {><h4,Ra2,Na4}
35. Ke2 (35. Bf3 Rg3 {/\Rh3-h4}) 35... Rg4 36. Bf3 Rxh4 37. Kf2 Nf8 $1 38. axb4
axb4 39. Kg3 Ng6 40. Nb2 Bc8 $19 41. Ra7+ Kd8 42. Rf7 (42. Nd3 Rh3+ 43. Kf2 Nh4
$19) 42... Rh3+ 43. Kf2 Ng4+ 44. Ke1 (44. Bxg4 hxg4 45. Rf6 Nf4 46. Rxd6+ Ke7
47. Rc6 g3+ $19) 44... Ke8 45. Rh7 Nh4 46. Rh8+ Ke7 (46... Ke7 47. Bxg4 (47.
Rxc8 Nxf3+ 48. Nxf3 Rxf3 {/\Rb3}) 47... Bxg4 48. Rh7+ Kf8 {/\Rh1-h2,Ng2-+}) 0-1

[Event "St Petersburg op"]
[Site "St Petersburg"]
[Date "1994.??.??"]
[Round "6"]
[White "Goldin, Alexander"]
[Black "Vlassov, Nikolai"]
[Result "1-0"]
[WhiteElo "2585"]
[BlackElo "2390"]
[Annotator "Stohl,I"]
[PlyCount "113"]
[EventDate "1994.02.??"]
[EventType "swiss"]
[EventRounds "9"]
[EventCountry "RUS"]
[SourceTitle "CBM 041"]
[Source "ChessBase"]
[SourceDate "1994.08.01"]
[SourceVersion "1"]
[SourceVersionDate "1994.08.01"]
[SourceQuality "1"]

1. d4 Nf6 2. c4 Nc6 3. Nc3 (3. Nf3 e6 4. g3 Bb4+ 5. Nbd2 (5. Bd2 a5 6. Nc3 d6
7. Bg2 e5 8. d5 Nb8 9. O-O O-O 10. Ne1 Bc5 11. Nd3 Ba7 12. a3 c6 13. b4 cxd5
14. cxd5 Bf5 15. bxa5 Qxa5 16. a4 Qd8 17. Nb2 Na6 18. Nb5 Bc5 19. Nc4 Be4 20.
Be3 Bxe3 21. Nxe3 Bxg2 22. Kxg2 Ne8 23. Qb1 Nc5 24. Qb4 Nc7 $10 {Gagarin,
V-Vlassov,N/Moscow2/1994/}) 5... a5 6. Bg2 d6 7. O-O e5 8. a3 Bxd2 9. Qxd2 Bg4
10. dxe5 dxe5 11. Qxd8+ Rxd8 12. b4 O-O 13. Be3 e4 14. b5 exf3 15. exf3 Bd7 16.
bxc6 Bxc6 17. Bf4 Rd7 18. Rfe1 Re8 19. Re3 $1 Rxe3 20. fxe3 Ne8 21. e4 Rd3 22.
Kf2 $14 {Zvjaginsev,V-Vlassov,N/St.Petersburg op/1994/}) 3... e5 (3... e6 4. e4
Bb4 5. e5 Ne4 6. Qc2 d5 7. Nf3 $16) (3... d5 4. Nf3 {-D07}) 4. d5 Ne7 5. h4 $5
(5. g3 Ng6 6. Bg2 Bc5 7. h4 (7. e3 O-O 8. Nge2 d6 9. Bd2 a5 10. Qc2 Bd7 11. h3
c6 12. Qd3 Ne7 13. O-O cxd5 14. cxd5 b5 $1 15. e4 Qb6 16. Bg5 Rac8 17. Nd1 Kh8
18. Bxf6 gxf6 19. Ne3 Bxe3 20. fxe3 Kg7 21. g4 b4 22. Rf2 Bb5 23. Qd2 Bxe2 24.
Qxe2 Rc7 25. Raf1 Ng8 $132 {Ionov,S-Vlassov,N/St.Petersburg op/1994/}) 7... h6
8. h5 Ne7 9. Nf3 d6 10. b4 Bb6 11. c5 dxc5 12. Nxe5 cxb4 13. Qa4+ c6 14. dxc6
O-O 15. O-O Nxc6 16. Nxc6 bxc6 17. Qxb4 Nxh5 18. e3 Qg5 19. Ne4 Qg6 20. a4 Be6
21. Nc5 $44 {Krasenkov,M-Vlassov,N/St.Petersburg op/1994/}) 5... Nf5 $6 (5...
Ng6 $6 6. h5 $36) (5... Neg8 $1 6. a3 a6 (6... Bc5 7. e3 d6 8. b4 Bb6 9. Na4
Ne7 10. Ne2 O-O 11. Nec3 Nd7 12. Nxb6 axb6 13. h5 h6 14. Be2 f5 15. f4 Kh8 16.
Bb2 Ng8 17. Qc2 Qe7 18. O-O-O Ndf6 19. Rhe1 Bd7 20. Bf3 Rae8 21. fxe5 dxe5 22.
e4 f4 23. Qe2 $14 {Portisch,L-Titov,G/Manila olm/1992/}) 7. Nf3 (7. e3 Bc5 8.
b4 Ba7 9. Nf3 d6 $15 {/\Ng4,f5,N8f6,Sedrakian-Sosonkin/USSR/1986/}) 7... Ng4 $1
8. e3 f5 9. Be2 N8f6 10. Qc2 d6 $10 {<=>}) 6. Qd3 g6 (6... d6 {ץf8} 7. e4 (7.
g3 $5) 7... Nd4 8. Nge2 Nxe2 9. Bxe2 $14) 7. Nf3 Ng4 (7... d6 8. h5 $1 $36) 8.
h5 Bc5 9. e3 $16 d6 10. a3 a5 {׫} (10... a6 $142 11. Ne4 Ba7 12. Be2 $16) 11.
Ne4 Bb6 12. hxg6 fxg6 13. Be2 Qe7 (13... Nf6 14. Nfg5 Nxe4 15. Nxe4 $16) 14.
Nfg5 Nf6 15. g4 Nxe4 16. Nxe4 Ng7 17. Bd2 {פg7} Bd7 18. O-O-O a4 (18... O-O-O
19. b4 $1 axb4 20. axb4 {/\Qa3,c5->}) 19. Rh6 O-O-O 20. Rdh1 Ne8 $8 21. Rxg6 $1
hxg6 22. Rxh8 Nf6 23. Rxd8+ Kxd8 24. f3 Nxe4 25. Qxe4 Qg7 26. Bd3 $18 g5 (26...
Be8 27. Bc3 {/\f4}) 27. Qg6 Qxg6 28. Bxg6 Ke7 $8 29. e4 Kf6 (29... Bc5) 30. Bf5
$1 $18 Bxf5 $8 (30... Be8 31. Bc8 $18) 31. gxf5 {/\Kd1-e2-f1-g2-g3-g4+-} c5 (
31... c6 32. Bb4 c5 33. Bd2 $18) 32. b3 $1 (32. Kd1 Bd8 33. Ke2 Kg7 34. Kf2 Kh6
35. Kg3 Kh5) 32... axb3 33. Kb2 Bd8 34. Kxb3 {/\Ka4-b5,a5-a6} Kf7 35. Ka4 Ke8
36. Kb5 Kd7 37. Ba5 Be7 38. Bb6 Kc8 (38... Bf6 39. Ka4 Ke7 40. Kb3 Kf7 41. Bc7
$1 Be7 42. Ka4 Ke8 43. Kb5 Kd7 44. Kb6 Kc8 45. a4 Bf8 46. Bd8 $1 $18) 39. Ka4
Kd7 40. Kb3 Ke8 41. Kc2 Kf7 42. Kd3 Kg7 43. Ke2 Kh6 44. Kf2 Kh5 45. Kg3 Bf6 46.
Bc7 Be7 47. Kh3 $22 Kh6 (47... Bf8 48. Bd8 {/\f6,Be7}) 48. Kg4 {><g5} Kg7 49.
Kh5 Kf6 50. Ba5 Kf7 51. a4 Bf6 52. Bd2 Bd8 53. Bxg5 Ba5 54. f4 Bc7 55. fxe5
dxe5 56. Bh4 Bd6 57. f6 {/\Kg5-f5,Bg3} 1-0

[Event "Budapest FS02 GM"]
[Site "Budapest"]
[Date "1994.??.??"]
[Round "3"]
[White "Dao, Thien Hai"]
[Black "Silman, Jeremy D"]
[Result "0-1"]
[WhiteElo "2495"]
[BlackElo "2405"]
[Annotator "Stohl,I"]
[PlyCount "112"]
[EventDate "1994.02.??"]
[EventType "tourn"]
[EventRounds "13"]
[EventCountry "HUN"]
[EventCategory "9"]
[SourceTitle "CBM 040"]
[Source "ChessBase"]
[SourceDate "1994.06.01"]
[SourceVersion "1"]
[SourceVersionDate "1994.06.01"]
[SourceQuality "1"]

1. d4 Nf6 2. c4 (2. g3 d5 3. Bg2 c6 4. Nf3 Bg4 5. c4 e6 6. Qb3 Qb6 7. Nc3 Nbd7
8. O-O Be7 9. Bf4 O-O 10. h3 Bxf3 11. Bxf3 $14 Qxd4 $6 12. cxd5 Nc5 13. Qa3 e5
14. Be3 Qc4 15. Rac1 $16 {Osmanbegovic,S-Farago,I/Maribor Pirc/1994/}) 2... Nc6
$5 3. Nc3 (3. Nf3 e6 4. g3 Bb4+ 5. Bd2 a5 6. Bg2 O-O 7. O-O Bxd2 8. Qxd2 d6 9.
Nc3 Qe7 10. Rfd1 Re8 11. Rac1 h6 12. h3 Nb8 13. e4 e5 14. dxe5 dxe5 15. Nd5
Nxd5 16. cxd5 c6 17. Qc3 Bd7 18. Nd2 $1 b5 19. Nb3 b4 20. Qe3 cxd5 21. exd5 Qd6
22. Nd2 $16 {Farago,I-Dizdarevic,E/Ljubljana Iskra/1992/}) 3... e5 4. d5 Ne7 5.
e4 Ng6 6. Be3 (6. Bd3 Bc5 7. h3 d6 8. Nge2 O-O 9. Na4 Bb4+ 10. Kf1 c6 11. a3
Ba5 12. b4 Bc7 13. Nac3 cxd5 14. cxd5 Ne8 15. g3 f5 16. exf5 Bxf5 17. Bxf5 Rxf5
18. Ne4 Bb6 19. Ra2 Nf6 20. N2c3 Nxe4 21. Nxe4 Qd7 22. Kg2 Raf8 23. Rf1 $14 {
Gurevich,D-Dzindzichashvili,R/USA-ch/1993/}) 6... Bb4 7. f3 (7. Bd3 Bxc3+ 8.
bxc3 d6 9. f3 O-O 10. c5 Nd7 $1 11. cxd6 cxd6 12. Ne2 b6 13. O-O Nc5 14. Bb5 f5
15. exf5 Bxf5 16. Ng3 Rc8 17. Rc1 Bd7 18. Bxd7 Qxd7 19. Ne4 Nxe4 20. fxe4 Rc4
$36 {Jegu,O-Zaninetti,L/Paris-ch opA/1993/}) 7... Bxc3+ 8. bxc3 d6 9. Bd3 (9.
Qd2 $5 Nd7 10. h4 h6 11. g3 b6 12. Nh3 Nc5 13. Nf2 Qd7 (13... f5 $5 $13) 14.
Rb1 a5 15. f4 $1 exf4 16. gxf4 Qe7 17. Bxc5 bxc5 18. h5 Nf8 19. Rg1 f6 20. Bd3
Nd7 21. Qe2 $36 {Karpov,An-Chevalier,D/FRA-chT/1993/}) 9... O-O 10. Ne2 $146 (
10. c5 Nd7 $15) (10. Qd2 $5 Nd7 11. h4 Nc5 12. Bxc5 dxc5 13. g3 h6 14. h5 Nh8
15. g4 f6 16. Ne2 Nf7 17. Ng3 Ng5 (17... Nd6 $5 $15) 18. Kf2 Bd7 19. Nf5 Qe8
20. Rab1 b6 21. Kg2 Rd8 22. Qe2 $10 {Delabaca,R-Boudre,J/Cannes op/1992/}) (10.
h4 $5 $13) 10... Nd7 11. Qd2 b6 12. Bg5 f6 13. Be3 Nc5 $15 14. Bxc5 (14. Bc2
Ba6 $15) 14... bxc5 15. h4 f5 16. h5 (16. exf5 $2 Nxh4 $17) 16... Nf4 $5 (16...
Ne7 17. exf5 Bxf5 18. Ng3 $13) 17. Nxf4 exf4 18. Qc2 (18. Qxf4 $2 fxe4 19. Qxe4
Re8 $19) (18. exf5 Bxf5 19. Bxf5 Rxf5 $36 {עe1,h5,c4}) 18... Qg5 19. O-O-O
fxe4 20. Bxe4 Bf5 21. Rde1 (21. Bxf5 $5 Rxf5 22. Rde1 Re5 $15 {<->e}) 21...
Bxe4 22. Rxe4 Rae8 23. Rhe1 $5 (23. Rxe8 Rxe8 $17) (23. Re2 Re3 $36) 23... Rxe4
24. Qxe4 Qxh5 (24... Qxg2 25. Qe6+ Kh8 26. Qe7 $132) 25. a4 a5 26. Qe7 Qf7 $17
{_|_} 27. Re4 (27. Qxf7+ Kxf7 28. Re4 g5 $17) 27... h6 28. Qxf7+ (28. Kd2 Qg6
29. Re2 Rb8 $19) 28... Rxf7 29. Re8+ Kh7 30. Kd2 (30. Ra8 Re7 31. Kd2 (31. Rxa5
Re2 $17) 31... Re5 32. Rxa5 Rg5 $17) 30... Rf5 $1 31. Kd3 (31. Re7 Rg5) 31...
Rg5 32. Re2 (32. Re7 Rxg2 33. Rxc7 Rf2 34. Ke4 Ra2 $19) 32... Kg6 33. Rb2 Kf5 {
/\Rg3,h5-h4-h3-+} 34. Rb7 Rxg2 35. Rxc7 Rg6 36. Rf7+ Ke5 37. Re7+ Kf6 38. Ra7
h5 $19 39. Rxa5 h4 40. Rb5 Rg2 (40... h3 41. Rb1 Rg2 $19) 41. Rb8 Rf2 42. a5 (
42. Ke4 Kg5 {/\Re2-e3}) 42... Rxf3+ 43. Kc2 (43. Ke4 Rxc3 44. Kxf4 Rxc4+ $19)
43... Rf1 44. Kb2 Re1 45. Rd8 Kg5 (45... h3 $19) 46. a6 Re7 47. Rxd6 f3 48. Re6
Rf7 49. Re1 f2 50. Rf1 Kg4 51. a7 Rxa7 52. Rxf2 h3 53. Rd2 g5 54. d6 Rd7 55.
Kc2 Kg3 56. Rd5 g4 0-1

[Event "Olympiad-42"]
[Site "Baku"]
[Date "2016.09.12"]
[Round "10.4"]
[White "Swiercz, Dariusz"]
[Black "Thorfinnsson, Bragi"]
[Result "1-0"]
[WhiteElo "2639"]
[BlackElo "2430"]
[Annotator "Swiercz,D"]
[PlyCount "65"]
[EventDate "2016.09.02"]
[EventType "team-swiss"]
[EventRounds "11"]
[EventCountry "AZE"]
[SourceTitle "CBM 175"]
[Source "ChessBase"]
[SourceDate "2016.11.10"]
[SourceVersion "1"]
[SourceVersionDate "2016.11.10"]
[SourceQuality "1"]
[WhiteTeam "Poland"]
[BlackTeam "Iceland"]
[WhiteTeamCountry "POL"]
[BlackTeamCountry "ISL"]

{I am happy about this game. It was played in the penultimate round of the
Olympiad and before the 10th round the Polish men's team was somewhere around
25th place, which was definitely not the position of our dreams.  Therefore,
in order to finish the tournament well we had to win the last 2 matches. That
day our opponent was the solid team of Iceland. We managed to win this match 2,
5-1,5 with 3 draws and my win. However, the match was very unclear and it was
actually thanks to my win and heroic defence by Kacper Piorun that we made it.
} 1. d4 Nf6 2. c4 b6 {Surprise, I did not expect to see this line on that day
and I was not prepared for it. What is interesting is that the same line
appeared on 3rd board in the game Kjartansson-Piorun.} 3. Nf3 (3. Nc3 Bb7 4. d5
e6 5. a3 {was played in the aforementioned game and (also) in my game against
Jaan Ehlvest from World Rapid Chess Championship 2015. This time I decided to
choose another (less known) line.}) (3. f3 {is most probably critical, but I
think that the line I played with Ehlvest is also promising.}) 3... Bb7 4. Nc3
d5 5. Bg5 $5 {Not the best reaction to the so-called Queen's Fianchetto
Defence, but quite an interesting move, aiming to get some kind of quite good
version of the Queen's Gambit Declined. However, it has some drawbacks.} Ne4 {
The correct reaction.} (5... dxc4 6. e3 e6 7. Bxc4 {should be slightly better
for White}) (5... e6 6. cxd5 exd5 7. Qa4+ $1 {looks very unpleasant for Black.}
) 6. Bh4 ({In the event of} 6. cxd5 {Black would have 2 options:} {A stronger
move is} Nxc3 ({if} 6... Nxg5 7. Nxg5 e6 {Black seems to force White's knight
to retreat and level the material but...} 8. Nxf7 $3 {(great resource)} Kxf7 9.
dxe6+ {looks extremely dangerous to Black. As Black's king is exposed, White
maintains superb compensation for a piece and a strong attack.} Kxe6 (9... Kg8
10. e4 Bb4 11. Bc4 $16) 10. e4 $40 {with natural play followed by Bc4, Qf3 etc.
Practically Black's position is about to collapse.}) 7. bxc3 Qxd5 {where Black
still is not commited to developing his bishop to g7 and can still play in
Queen's Indian style e6 and develop pieces in this way. White is maybe still
slightly better but the position is full of play.}) 6... Nxc3 {I think that
this move is inaccurate.} ({It was much stronger to play first} 6... dxc4 {
and in the event of} 7. e3 ({It is maybe better from a practical point of view
to take back the pawn immediately} 7. Qa4+ Qd7 8. Qxc4 Nxc3 9. Qxc3 e6 {
but Black should not be that bad there.}) {then} 7... Nxc3 8. bxc3 b5 $1 {
just trying to stay a pawn up! White should have some compensation obviously
but a pawn is a pawn - White still needs to prove compensation. A similar
position appears sometimes in the Grünfeld. For example,} 9. Be2 $5 (9. a4 a6
10. Be2 (10. Qb1 Qd5 $1) 10... Qd5 11. O-O e6 $13) 9... a6 10. O-O Nd7 (10...
Qd5 11. Re1 $1 {[%cal Ge3e4]} e6 12. e4 Qxe4 13. Bxc4 Qg4 14. Be2 Bd6) 11. a4
Qc8 12. Qb1 c6 13. Qb2 $44 {the position though is not that clear. Black is
behind in development but so far he is a pawn up and the position has a closed
rather than open character.}) 7. bxc3 g6 {Transferring to a Grünfeld-like
position, where actually I felt comfortable, as I play this opening also with
Black. But this version seems to be pretty good for White.} ({Now, in the
event of} 7... dxc4 {White would have had additional resource:} 8. e4 $1 {
where Black's position is very shaky.} Bxe4 (8... b5 9. Qb1 $1 $16) 9. Bxc4 Bd5
10. Bb3 $5 {[%cal Gc3c4]} Bxb3 11. axb3 (11. Qxb3 $5 $16) 11... Nd7 12. Qe2 $16
{this looks just horrible for Black.}) 8. cxd5 Qxd5 (8... Bxd5 {was worse
because of} 9. Qc2 $1 {with next e4.}) 9. e3 Bg7 10. Bd3 Nc6 ({During the game
I thought that it's better to play} 10... e6 11. O-O O-O {in order to have the
possibility to play c5. But White still is slightly better.}) 11. O-O O-O 12.
e4 Qd7 {I have obtained a comfortable advantage out of the opening, but how
should I continue?} 13. Qe2 $6 {This logical looking and developing move
appears to be inaccurate. It gives Black good chances to equalise!} ({A
stronger move was} 13. Bb5 {with the idea that} a6 {is followed by} 14. Bd3 $1
{The idea is to weaken the queenside pawn structure in order to make it more
difficult for Black to play c5 in the future. White maintains a pleasant
advantage:} Na5 15. Qb1 Qd8 16. Rd1 $14) 13... e5 $1 14. d5 Ne7 $6 {Returning
the favour. This backward move is very dubious.} (14... Na5 $1 {was correct
and Black should equalise at last. With next c6 he undermines the centre and
it's not clear how White should react to these actions.} 15. Nd2 (15. c4 c6)
15... c6 16. c4 Ba6 17. Nb3 Nb7 $132 {with some counterplay.}) 15. Bb5 Qd6 (
15... c6 {was not possible in view of} 16. Bxe7 Qxe7 17. dxc6 Bc8 18. Bc4 $1
$18 {and White wins}) 16. Ba6 {According to the computer this is not accurate,
but I don't think that is so bad - after the exchange of those bishops White
continues with play on the light squares and the initiative on the queenside.}
(16. Rfd1 a6 17. Bd3 {was nevertheless stronger and I agree with the engine.})
16... Bxa6 17. Qxa6 f5 {A logical attempt to get some counterplay.} 18. Rfe1 g5
$4 {Just giving up the pawn. The idea is understandable - improve the knight
and play ...Ng6 in next move. But I think my opponent underestimated his
position (or overestimated my position). Now White is just very close to
winning. Instead of this Black had some other options.} (18... Bf6 {was bad:}
19. Bxf6 Rxf6 20. c4 fxe4 21. Ng5 $16) ({After} 18... Rae8 19. Bxe7 Rxe7 20.
Rad1 $14 {White is better as well}) ({But the correct move was} 18... fxe4 {
and after} 19. Bxe7 Qxe7 20. Rxe4 {it feels like White is better in view of
his keeping control over the light squares, but after} Qc5 $1 {White is indeed
better, but there would still be a long game to come.}) 19. Bxg5 Ng6 20. Bc1 $1
{Not the only move, but a nice one. The threat of Ba3 is obvious.} fxe4 21. Ba3
Qxd5 (21... c5 22. dxc6 Qxc6 23. Bxf8 exf3 (23... Rxf8 24. Nd2 $18) 24. Bxg7
Kxg7 25. g3 $18) 22. Bxf8 Rxf8 (22... exf3 23. Bxg7 Kxg7 24. Rad1 Qe6 25. Qd3
$18) 23. Rad1 Qc6 24. Nd2 $1 $18 {The most precise move - now, except for Nxe4,
the threat is Qc4, trading the queens. White is winning.} Nf4 25. Nxe4 Qg6 26.
Qf1 h5 27. Kh1 h4 28. g3 Nh5 29. Qh3 hxg3 30. fxg3 Rf3 31. Qh4 Bf8 32. Rf1 Rf4
({After} 32... Rxf1+ 33. Rxf1 Be7 {there was no perpetual:} 34. Qxe7 Qxe4+ 35.
Kg1 Qe3+ 36. Rf2 Qe1+ 37. Kg2 Qe4+ 38. Kh3 $18 {and the king ran out of checks.
}) 33. Qg5 {With this win Poland took the lead 1.5-0.5 (Radek Wojtaszek had
already drawn his game with Hannes Stefansson) and there were still 2 games in
progress on 2nd and 3rd boards. Kacper Piorun and Mateusz Bartel had dangerous
positions but they finally managed to save their games and we won the match.}
1-0